LEADER 00978nam0-2200325---450 001 990009551810403321 005 20200716124616.0 010 $a0-226-87400-1 035 $a000955181 035 $aFED01000955181 035 $a(Aleph)000955181FED01 035 $a000955181 100 $a20120329d2006----km-y0itay50------ba 101 0 $aeng 102 $aUS 105 $aa-------001yy 200 1 $aPlant-pollinator interactions$efrom specialization to generalization$fedited by Nickolas M. Waser and Jeff Ollerton 210 $aChicago ; London$cUniversity of Chicago Press$dc2006 215 $aXII, 445 p.$cill.$d23 cm 610 0 $aImpollinazione 676 $a571.8642$v22$zita 702 1$aWaser,$bNickolas M. 702 1$aOllerton,$bJeff 801 0$aIT$bUNINA$gRICA$2UNIMARC 901 $aBK 912 $a990009551810403321 952 $a60 571.864 WASN 2006$b13599$fFAGBC 959 $aFAGBC 996 $aPlant-pollinator interactions$9854123 997 $aUNINA